| 000 | 01329nam a2200349 4500 | ||
|---|---|---|---|
| 001 | 149 | ||
| 003 | OSt | ||
| 005 | 20250528074013.0 | ||
| 008 | 250128b |||||||g |||| 00| 1 eng d | ||
| 040 | _bpor | ||
| 041 |
_heng _apor |
||
| 082 |
_a823 _bC555r |
||
| 100 | 1 |
_aChristie, Agatha, _d1890-1976 _9268 |
|
| 240 | _aThe clocks | ||
| 245 |
_aOs relógios / _cChristie, Agatha ; Tradução de Dalva Manéo de Oliveira |
||
| 260 |
_aRio de Janeiro _bRecord _c1987 |
||
| 300 | _a253 p. | ||
| 490 | 1 | _aDetetive Hercule Poirot | |
| 520 | _aUm homem morto que parece não ter identidade. No local do crime, quatro relógios parados na mesma hora: quatro e treze. Na esteira desse crime, mais dois outros, também misteriosos. Eis um dos mais complexos enigmas da literatura policial para Hercule Poirot, em cuja opinião o caso "se parece tão complicado, deve ser simples". Mas logo ele veria que não era bem assim. | ||
| 650 | 0 |
_aLiteratura Inglesa _989 |
|
| 650 | 0 |
_aRomance Policial _911 |
|
| 650 | 0 |
_aSuspense _910 |
|
| 650 | 0 |
_aMistério _942 |
|
| 650 | 0 |
_aCrime e Investigação _913 |
|
| 650 | 0 |
_aClássicos _977 |
|
| 650 | 0 |
_aFilme _926 |
|
| 655 | 0 |
_aRomance _923 |
|
| 655 | 0 |
_aFicção _922 |
|
| 700 |
_aDalva Manéo de Oliveira _eTradutor _9292 |
||
| 830 |
_aDetetive Hercule Poirot _9271 |
||
| 942 |
_2ddc _n0 _cBK |
||
| 999 |
_c149 _d149 |
||